Rivière du maine et loire - Statistiques

Statistiques générales
  • Ce quiz a été pris 18 fois
  • Le résultat moyen est 14 sur 36
Statistiques - réponses
Hint Réponse % Correct
14 La Loire
77%
3 Le Layon
62%
2 Le Thouet
62%
12 La Maine
54%
9 La Mayenne
54%
10 La Sarthe
54%
11 Le Loir
54%
H Mayenne
54%
A Sarthe
54%
4 L'Evre
46%
i Angers
38%
j Cholet
38%
5 La Moine
38%
6 La Sèvre Nantaise
38%
1 L'Authion
38%
13 Le Louet
38%
F Loire-Atlantique
38%
15 L'Oudon
38%
f Nantes
38%
l Segré
38%
E Vendée
38%
D Deux-Sèvres
31%
B Indre-et-Loire
31%
e La Roche-sur-Yon
31%
a Le Mans
31%
d Niort
31%
g Rennes
31%
k Saumur
31%
b Tours
31%
G Ille-et-Vilaine
23%
h Laval
23%
7 L'Erdre
23%
c Poitiers
23%
C Vienne
23%
8 La Verzée
15%
0 Le Lathan
8%
Aucun quiz correspondant
Distribution des résultats
% des personnes avec chaque résultat
Percentile par nombre de réponses
Votre historique - résultats
Vous n’avez pas pris ce quiz